Responses for Show #6829 - Thursday, May 1, 2014

Julia Collins game 9.

Contestants

[<< previous game]

Michelle Flaherty, a shelter advocate and caregiver from Natrona Heights, Pennsylvania

Marlon Morris, a sales representative from Maywood, Illinois

Julia Collins, a supply chain professional from Kenilworth, Illinois (whose 8-day cash winnings total $170,610)

[next game >>]

Jeopardy! Round responses

PLAYING AT THE CASINO
MULTIPLE MEANINGS
LAW ENFORCEMENT TV
SCRAMBLED MAMMALS
THAT'S "SUPER"!
THE NEW YORK TIMES COOKING
(Alex: And all of the clues in that category will be given by Melissa Clark from The New York Times.)
    $200 4
blackjack

Michelle
    $200 22
fast

Michelle
    $200 13
NCIS

Michelle
    $200 21
leopard

Marlon
    $200 8
the Super Bowl

Julia
    $200 1
pesto

Julia
    $400 5
roulette

Julia
    $400 24
(Alex: That's it, with less than a minute to go.)

trim

Michelle
    $400 14
FBI

Triple Stumper
    $400 23
orangutan

Julia
    $400 9
Super Glue

Michelle
    $400 2
truffles

Julia
    $600 10
craps

Michelle
    $600 15
Blue Bloods

Julia
    $600 16
"Supercalifragilisticexpialidocious"

Julia
    $600 3
mayonnaise

Michelle
    $800 11
keno

Michelle
    $800 18
Law & Order: SVU

Michelle
    $800 26
wildebeest

Triple Stumper
    $800 17
the superego

Michelle
    $800 6
a mandoline

Julia
    $1000 12
(Marlon: What is Texas hold 'em?)

Let It Ride

Marlon
Triple Stumper
    $2,000 27
[The end-of-round signal sounds.]

snipe

Michelle
    $1000 19
The Bridge

Michelle
    $1000 25
porcupine

Triple Stumper
    $1000 20
(Marlon: What is a supernova?)
(Julia: What is a red dwarf?)

supergiant

JuliaMarlon
Triple Stumper
    $1000 7
bouquet garni

Triple Stumper

Scores at the first commercial break (after clue 13):

Julia Marlon Michelle
$2,000 -$1,000 $2,800

Scores at the end of the Jeopardy! Round:

Julia Marlon Michelle
$2,600 -$1,800 $8,000

Double Jeopardy! Round responses

PLAYING AT THE CASINO
19th CENTURY FRANCE
POINTY ON THE MAP
AUTHORS' FICTIONAL PLACES
KHAN TEST
ON THE "Q...T"
(Alex: Each correct response in that category will begin with a "Q" and end with the letter "T".)
    $400 8
(Julia: Who are the Black Eyed Peas?)

Green Day

JuliaMichelle
    $400 3
Napoleon Bonaparte

Julia
    $400 12
(Michelle: What is the Sinai Peninsula?)

the Arabian Peninsula

Michelle
Triple Stumper
    $400 2
(Alex: The author is [*]. Think of Gulliver's Travels.)

Jonathan Swift

Triple Stumper
    $400 13
Amnesty International

Michelle
    $400 17
a quartet

Julia
    $800 9
David Copperfield

Michelle
    $800 4
(Marlon: What is A Thousand Leagues Under the Sea?)

(Alex: You were a little short in numbers there, Marlon.)

Twenty Thousand Leagues Under the Sea

JuliaMarlon
    $800 20
Sweden

Michelle
    $800 14
Garrison Keillor

Julia
    $800 26
(Julia: Who is Kublai Khan?)

Genghis Khan

JuliaMarlon
    $800 19
quaint

Michelle
    $1200 10
Huey Lewis

Michelle
    $1200 5
Dreyfus

Julia
    $1200 21
India

Marlon
    $1200 15
Suzanne Collins

Julia
    $1200 28
Chaka Khan

Marlon
    $1200 25
quiet

Triple Stumper
    $1600 1
(Michelle: Who is Faith Hill?)

Shania Twain

JuliaMichelle
    $1,500 6
Algiers

Julia
    $1600 22
Madagascar

Marlon
    $1600 16
(Frank) Herbert

Michelle
    $1600 29
[The end-of-round signal sounds.]

the Sears Tower

Triple Stumper
    $1600 24
(Alex: Less than a minute, now.)

a Quonset hut

Julia
    $2000 11
Louis C.K.

Marlon
    $2000 7
the Moulin Rouge

Michelle
    $3,500 18
Thomas Hardy

Julia
    $2000 27
Shere Khan

Julia
    $2000 23
(Marlon: What is a...?)

a quadrant

Marlon
Triple Stumper

Scores at the end of the Double Jeopardy! Round:

Julia Marlon Michelle
$16,400 $2,200 $14,000

[wagering suggestions for these scores]

Final Jeopardy! Round responses

U.S. STATES
(Alex: [To Michelle] No. New Mexico, Texas--they come up twice.)
MarlonWhat are 'F', and 'K'?
$0
MichelleWhat are Z + X ?
$9,599
JuliaWhat is are Z and J?
$11,700
J & Z

Final scores:

Julia Marlon Michelle
$28,100 $2,200 $4,401
9-day champion: $198,710 3rd place: $1,000 2nd place: $2,000

Game dynamics:

Coryat scores:

Julia Marlon Michelle
$15,000 $2,200 $13,000
19 R
(including 2 DDs),
3 W
6 R,
4 W
20 R
(including 1 DD),
2 W

Combined Coryat: $30,200

[game clues] [game scores] [suggest correction]

Game tape date: 2014-02-04
The J! Archive is created by fans, for fans. Scraping, republication, monetization, and malicious use prohibited; this site may use cookies and collect identifying information. See terms. The Jeopardy! game show and all elements thereof, including but not limited to copyright and trademark thereto, are the property of Jeopardy Productions, Inc. and are protected under law. This website is not affiliated with, sponsored by, or operated by Jeopardy Productions, Inc. Join the discussion at JBoard.tv.